[Event "Bangkok Big Rook op 5th"]
[Site "Bangkok"]
[Date "2025.05.07"]
[Round "2"]
[White "Chernyavsky, Alexander"]
[Black "Looi, Xin Hao"]
[Result "1-0"]
[WhiteElo "2336"]
[BlackElo "2014"]
[PlyCount "69"]
[EventDate "2025.05.07"]
[EventType "swiss"]
[EventRounds "9"]
[EventCountry "THA"]
[SourceTitle "CB20_2025"]
[SourceDate "2025.05.14"]
[SourceVersion "1"]
[SourceVersionDate "2025.05.14"]
[SourceQuality "1"]

1. d4 d5 2. c4 e6 3. Nc3 Nf6 4. cxd5 exd5 5. Bg5 Be7 6. e3 c6 7. Bd3 0-0 8. h3 Nbd7 9. Nf3 Re8 10. 0-0 Ne4 11. Bf4 f5 12. Qc2 Bf6 13. b4 a6 14. a4 g5 15. Bh2 Qe7 16. b5 axb5 17. axb5 Rxa1 18. Rxa1 g4 19. hxg4 fxg4 20. Bxe4 gxf3 21. Bxf3 Bxd4 22. Bh5 Bxc3 23. Qxc3 Rf8 24. bxc6 bxc6 25. Qxc6 Nf6 26. Bf3 Bb7 27. Bd6 Qf7 28. Qb6 Rc8 29. Be5 Ne4 30. Ra7 Nd2 31. Bg4 Rc1+ 32. Kh2 Nf1+ 33. Kh3 Rc6 34. Qd8+ Qf8 35. Qg5+ 1-0

[Event "Isle of Wight op"]
[Site "Ryde"]
[Date "2025.02.21"]
[Round "6"]
[White "Rzepka, Marcin"]
[Black "Looi, Xin Hao"]
[Result "0-1"]
[WhiteElo "1750"]
[BlackElo "2043"]
[PlyCount "58"]
[EventDate "2025.02.18"]
[EventType "swiss"]
[EventRounds "9"]
[EventCountry "ENG"]
[SourceTitle "CB09_2025"]
[SourceDate "2025.02.27"]
[SourceVersion "1"]
[SourceVersionDate "2025.02.27"]
[SourceQuality "1"]

1. e4 c6 2. d4 d5 3. exd5 cxd5 4. Nf3 Nc6 5. g3 Nf6 6. Bg2 Bg4 7. c3 e6 8. Bf4 Bd6 9. Qc1 0-0 10. Ne5 Bxe5 11. Bxe5 Nxe5 12. dxe5 Nd7 13. Qe3 Qb6 14. Qxb6 axb6 15. f4 Nc5 16. 0-0 Nb3 17. Na3 Nxa1 18. Rxa1 Be2 19. Bf1 Bxf1 20. Kxf1 f6 21. Re1 g5 22. Kg2 gxf4 23. gxf4 Ra4 24. exf6 Rxf6 25. c4 dxc4 26. Re4 b5 27. Kh3 c3 28. Rxa4 bxa4 29. bxc3 Rxf4 0-1

[Event "Isle of Wight op"]
[Site "Ryde"]
[Date "2025.02.20"]
[Round "5"]
[White "Looi, Xin Hao"]
[Black "Varro, Daniel"]
[Result "1-0"]
[WhiteElo "2043"]
[BlackElo "1925"]
[PlyCount "65"]
[EventDate "2025.02.18"]
[EventType "swiss"]
[EventRounds "9"]
[EventCountry "ENG"]
[SourceTitle "CB09_2025"]
[SourceDate "2025.02.27"]
[SourceVersion "1"]
[SourceVersionDate "2025.02.27"]
[SourceQuality "1"]

1. d4 e6 2. Nc3 Be7 3. e4 d5 4. e5 c5 5. Qg4 g5 6. dxc5 h5 7. Bb5+ Nc6 8. Bxc6+ bxc6 9. Qa4 Nh6 10. h4 gxh4 11. Bxh6 Rxh6 12. 0-0-0 Rg6 13. Ne4 Kf8 14. Nd6 Rg4 15. Qa3 Bg5+ 16. Kb1 a5 17. Nf3 Bh6 18. Nd4 Bd7 19. Qf3 Rf4 20. Qxh5 Qg5 21. Qxg5 Bxg5 22. Nf3 Be7 23. Rd4 Rxd4 24. Nxd4 Kg7 25. f4 f6 26. Nf3 Rh8 27. a4 Rh6 28. Rh3 Kf8 29. g3 Be8 30. g4 Bg6 31. exf6 Bxd6 32. cxd6 Be4 33. d7 1-0

[Event "Isle of Wight blitz op1"]
[Site "Isle of Wight"]
[Date "2025.02.19"]
[Round "4"]
[White "Ward, Cian"]
[Black "Looi, Xin Hao"]
[Result "0-1"]
[WhiteElo "1841"]
[BlackElo "2080"]
[PlyCount "121"]
[EventDate "2025.02.19"]
[EventType "swiss (blitz)"]
[EventRounds "7"]
[EventCountry "ENG"]
[SourceTitle "CB08_2025"]
[SourceDate "2025.02.19"]
[SourceVersion "1"]
[SourceVersionDate "2025.02.19"]
[SourceQuality "1"]

1. e4 g6 2. d4 Bg7 3. Nc3 a6 4. Bc4 b5 5. Bb3 Bb7 6. f3 d6 7. Nge2 Nd7 8. 0-0 c5 9. dxc5 Nxc5 10. Bd5 Nf6 11. Bxb7 Nxb7 12. Be3 0-0 13. Nd4 Rc8 14. Qd2 Na5 15. b3 Nc6 16. Rac1 Qc7 17. Nce2 Nxd4 18. Nxd4 Qc3 19. Ne2 Qxd2 20. Bxd2 Nd7 21. c4 bxc4 22. bxc4 Ne5 23. c5 Nd3 24. Rc4 Nxc5 25. Rfc1 Rb8 26. Bc3 Bxc3 27. R1xc3 Rb2 28. Rc2 Rfb8 29. Nd4 Rxc2 30. Rxc2 Kg7 31. g3 h5 32. e5 Nd3 33. exd6 Rb1+ 34. Kg2 Ne1+ 35. Kh3 Nxc2 36. d7 Rb8 37. Nc6 Ra8 38. d8Q Rxd8 39. Nxd8 Nb4 40. a3 Nc2 41. Nc6 Nxa3 42. Nxe7 Nc4 43. Nd5 a5 44. Nc3 Kf6 45. Kg2 Ke5 46. Kf2 Kd4 47. Nb5+ Kc5 48. Nc3 Kb4 49. Nd5+ Kb3 50. Nf4 a4 51. Nd3 a3 52. Ke2 Nb2 53. Nc1+ Kc2 54. Na2 Na4 55. Ke3 Nc3 56. Nb4+ Kb3 57. Nd3 a2 58. Nc1+ Kc4 59. Nxa2 Nxa2 60. Ke4 Nb4 61. Ke5 0-1

[Event "Titled Tuesday intern op 28th Jan Early"]
[Site "Chess.com INT"]
[Date "2025.01.28"]
[Round "2"]
[White "Looi, Xin Hao"]
[Black "Jaiveer, Mahendru"]
[Result "0-1"]
[WhiteElo "2043"]
[BlackElo "2251"]
[PlyCount "64"]
[EventDate "2025.01.28"]
[EventType "swiss (blitz)"]
[EventRounds "11"]
[EventCountry "USA"]
[SourceTitle "CB06_2025"]
[SourceDate "2025.02.05"]
[SourceVersion "1"]
[SourceVersionDate "2025.02.05"]
[SourceQuality "1"]

1. d4 d6 2. e4 g6 3. Nc3 b6 4. f4 Bb7 5. Nf3 Bg7 6. Bd3 e6 7. 0-0 Ne7 8. Qe1 0-0 9. e5 Nbc6 10. Ne4 Nf5 11. c3 dxe5 12. fxe5 Nxe5 13. Nxe5 Bxe5 14. Bg5 Qd5 15. dxe5 Qxd3 16. Nf6+ Kg7 17. Rd1 Qc4 18. Rf4 Qc5+ 19. Kh1 Ne3 20. Rd2 Qxe5 21. Nh5+ Kg8 22. Nf6+ Kh8 23. Ne4 Nxg2 24. Rxg2 f5 25. Bh6 Bxe4 26. Rxe4 fxe4 27. Bxf8 Rxf8 28. Re2 Qd5 29. Qg3 e3+ 30. Kg1 Rf3 31. Qxc7 Qd1+ 32. Kg2 Qf1# 0-1

[Event "Titled Tuesday intern op 28th Jan Early"]
[Site "Chess.com INT"]
[Date "2025.01.28"]
[Round "4"]
[White "Vasynda, Oleksandr"]
[Black "Looi, Xin Hao"]
[Result "1-0"]
[WhiteElo "2209"]
[BlackElo "2043"]
[PlyCount "97"]
[EventDate "2025.01.28"]
[EventType "swiss (blitz)"]
[EventRounds "11"]
[EventCountry "USA"]
[SourceTitle "CB06_2025"]
[SourceDate "2025.02.05"]
[SourceVersion "1"]
[SourceVersionDate "2025.02.05"]
[SourceQuality "1"]

1. d4 d5 2. Nf3 Nf6 3. Bf4 c5 4. e3 Nc6 5. c3 Qb6 6. Qc2 g6 7. Nbd2 Bf5 8. dxc5 Qxc5 9. Qb3 Bg7 10. Qxb7 0-0 11. Qb5 Qxb5 12. Bxb5 Rac8 13. Ba6 Rcd8 14. h3 Nh5 15. Bh2 Bc8 16. Bb5 Bb7 17. 0-0 Nf6 18. Nd4 Nxd4 19. cxd4 Ne4 20. Nxe4 dxe4 21. Rfc1 Bd5 22. Rc5 e6 23. b3 f5 24. Rac1 g5 25. Bc7 Ra8 26. Bd6 Rf7 27. Rc7 a6 28. Rxf7 Kxf7 29. Rc7+ Kg6 30. Bc4 a5 31. Bxd5 exd5 32. Rc5 a4 33. b4 f4 34. Rxd5 fxe3 35. fxe3 g4 36. Be5 Bh6 37. Kf2 Rf8+ 38. Ke2 gxh3 39. gxh3 Rf3 40. Rd6+ Kh5 41. b5 Rxe3+ 42. Kf2 Rd3 43. b6 e3+ 44. Kf3 Rd2 45. b7 Rf2+ 46. Kg3 Rb2 47. Rxh6+ Kxh6 48. b8Q Rxb8 49. Bxb8 1-0

[Event "Titled Tuesday intern op 24th Sep Early"]
[Site "Chess.com INT"]
[Date "2024.09.24"]
[Round "10"]
[White "Mompel Ferruz, Xavier"]
[Black "Looi, Xin Hao"]
[Result "1-0"]
[WhiteElo "2273"]
[BlackElo "2043"]
[PlyCount "99"]
[EventDate "2024.09.24"]
[EventType "swiss (blitz)"]
[EventRounds "11"]
[EventCountry "USA"]
[SourceTitle "EXT 2025"]
[Source "ChessBase"]
[SourceDate "2024.10.14"]
[SourceVersion "1"]
[SourceVersionDate "2024.10.14"]
[SourceQuality "1"]

1. e4 c6 2. d4 d5 3. Nc3 dxe4 4. Nxe4 Bf5 5. Ng3 Bg6 6. h4 h6 7. Bd3 Bxd3 8. Qxd3 Nd7 9. N1e2 Ngf6 10. Bd2 e6 11. 0-0-0 Be7 12. Ne4 Nxe4 13. Qxe4 Nf6 14. Qd3 a5 15. f3 a4 16. Nf4 a3 17. b3 c5 18. dxc5 Qxd3 19. Nxd3 0-0 20. b4 Rfd8 21. Ne5 Nd5 22. c4 Nc7 23. Bc3 Bf6 24. g3 Rxd1+ 25. Rxd1 Ra4 26. Kc2 Bxe5 27. Kb3 Bxc3 28. Kxa4 Na6 29. Rd8+ Kh7 30. Rd7 Bxb4 31. Rxf7 Kg6 32. Re7 Kf6 33. Re8 Bxc5 34. Rc8 Bd6 35. f4 Kf5 36. Kb5 Kg4 37. Rg8 Kxg3 38. Rxg7+ Kxh4 39. Rxb7 Nc5 40. Rh7 Kg4 41. Kc6 Ne4 42. Rxh6 Kxf4 43. Rh4+ Ke3 44. Rxe4+ Kxe4 45. Kxd6 Kd4 46. c5 e5 47. c6 e4 48. c7 e3 49. c8Q e2 50. Qc1 1-0

[Event "Titled Tuesday intern op 24th Sep Early"]
[Site "Chess.com INT"]
[Date "2024.09.24"]
[Round "9"]
[White "Zavortink, Matt B"]
[Black "Looi, Xin Hao"]
[Result "0-1"]
[WhiteElo "2135"]
[BlackElo "2043"]
[PlyCount "102"]
[EventDate "2024.09.24"]
[EventType "swiss (blitz)"]
[EventRounds "11"]
[EventCountry "USA"]
[SourceTitle "EXT 2025"]
[Source "ChessBase"]
[SourceDate "2024.10.14"]
[SourceVersion "1"]
[SourceVersionDate "2024.10.14"]
[SourceQuality "1"]

1. c4 Nf6 2. Nc3 e6 3. e4 c5 4. Nf3 Nc6 5. Be2 d6 6. d4 cxd4 7. Nxd4 Bd7 8. 0-0 Be7 9. Be3 0-0 10. Qd2 a6 11. f4 Nxd4 12. Bxd4 Bc6 13. Bf3 Nd7 14. Rad1 Re8 15. Kh1 Bf8 16. e5 dxe5 17. fxe5 Qc7 18. Bxc6 Qxc6 19. Qf4 Re7 20. b3 Rd8 21. Ne4 Nb8 22. Nd6 Qc7 23. Qg5 Red7 24. Bb2 Nc6 25. c5 Ne7 26. Rxf7 Qxc5 27. Qg4 Nf5 28. Rxd7 Rxd7 29. Rf1 Qb5 30. Qf3 Qc6 31. Nxf5 exf5 32. Qxc6 bxc6 33. g3 g6 34. Rc1 Rd2 35. Bd4 Rxd4 36. Rxc6 Re4 37. e6 Be7 38. Rxa6 Kg7 39. a4 Kf6 40. a5 Rxe6 41. Ra7 Bc5 42. Rxh7 Re3 43. Rc7 Bd6 44. Rc6 Ke7 45. Rb6 Bc5 46. Rb7+ Kd6 47. b4 Bd4 48. a6 Ra3 49. b5 Bc5 50. Rg7 Ke5 51. Rxg6 Ra5 0-1

[Event "Titled Tuesday intern op 10th Sep Early"]
[Site "Chess,com INT"]
[Date "2024.09.10"]
[Round "3"]
[White "Chong, Kai Ni Agnes"]
[Black "Looi, Xin Hao"]
[Result "1-0"]
[WhiteElo "1828"]
[BlackElo "2043"]
[PlyCount "51"]
[EventDate "2024.09.10"]
[EventType "swiss (blitz)"]
[EventRounds "11"]
[EventCountry "USA"]
[SourceTitle "EXT 2025"]
[Source "ChessBase"]
[SourceDate "2024.10.14"]
[SourceVersion "1"]
[SourceVersionDate "2024.10.14"]
[SourceQuality "1"]

1. d4 g6 2. c4 Bg7 3. Nc3 d6 4. e4 Nf6 5. h3 0-0 6. Be3 e5 7. d5 a5 8. g4 Na6 9. Qd2 Nc5 10. f3 Ne8 11. Nge2 f5 12. gxf5 gxf5 13. Bg5 Nd3+ 14. Kd1 Nf2+ 15. Kc2 Bf6 16. Bh6 Nxh1 17. Bxf8 Kxf8 18. Bg2 Nf2 19. Rf1 Bg5 20. f4 exf4 21. Nxf4 Qf6 22. Qxf2 fxe4 23. Nxe4 Bf5 24. Kd1 Bxe4 25. Bxe4 Qd4+ 26. Qxd4 1-0

[Event "Titled Tuesday intern op 10th Sep Early"]
[Site "Chess,com INT"]
[Date "2024.09.10"]
[Round "10"]
[White "Looi, Xin Hao"]
[Black "Brown, Akeem"]
[Result "0-1"]
[WhiteElo "2043"]
[BlackElo "2059"]
[PlyCount "56"]
[EventDate "2024.09.10"]
[EventType "swiss (blitz)"]
[EventRounds "11"]
[EventCountry "USA"]
[SourceTitle "EXT 2025"]
[Source "ChessBase"]
[SourceDate "2024.10.14"]
[SourceVersion "1"]
[SourceVersionDate "2024.10.14"]
[SourceQuality "1"]

1. e4 e5 2. Nf3 Nf6 3. Nc3 Nc6 4. a3 Be7 5. d4 exd4 6. Nxd4 d6 7. Be2 0-0 8. Be3 Re8 9. Qd2 Nxd4 10. Bxd4 Nd7 11. 0-0-0 Bf6 12. Be3 Nb6 13. f3 Be6 14. g4 Nc4 15. Bxc4 Bxc4 16. g5 Bxc3 17. Qxc3 Be2 18. Bd4 Bxd1 19. Kxd1 d5 20. Bxg7 dxe4+ 21. Bd4 Qxd4+ 22. Qxd4 Rad8 23. Qxd8 Rxd8+ 24. Ke2 exf3+ 25. Kxf3 Rd2 26. h4 Rxc2 27. h5 Kg7 28. Kf4 Rxb2 0-1

[Event "Titled Tuesday intern op 10th Sep Early"]
[Site "Chess,com INT"]
[Date "2024.09.10"]
[Round "7"]
[White "Looi, Xin Hao"]
[Black "Gulamirian, Korun"]
[Result "1-0"]
[WhiteElo "2043"]
[BlackElo "1890"]
[PlyCount "79"]
[EventDate "2024.09.10"]
[EventType "swiss (blitz)"]
[EventRounds "11"]
[EventCountry "USA"]
[SourceTitle "EXT 2025"]
[Source "ChessBase"]
[SourceDate "2024.10.14"]
[SourceVersion "1"]
[SourceVersionDate "2024.10.14"]
[SourceQuality "1"]

1. d4 d5 2. c4 e6 3. Nc3 a6 4. cxd5 exd5 5. Nf3 Nc6 6. Bg5 Be7 7. Bxe7 Ngxe7 8. e3 Be6 9. Bd3 0-0 10. a3 Ng6 11. h4 h6 12. h5 Nge7 13. Nh4 Qd7 14. Bc2 Nf5 15. Qd3 Nce7 16. g4 g6 17. gxf5 Nxf5 18. hxg6 Nxh4 19. Rxh4 f5 20. 0-0-0 Qg7 21. Rdh1 Rf6 22. Rxh6 Rxg6 23. Rxg6 Qxg6 24. Ne2 Qg2 25. Rg1 Qxg1+ 26. Nxg1 Kf7 27. Nf3 Rg8 28. Kd2 Rg2 29. Ke2 b5 30. Qd1 c5 31. Qh1 Rg7 32. Qh5+ Kg8 33. Bxf5 Bxf5 34. Qxf5 cxd4 35. Qxd5+ Kh8 36. Qxd4 a5 37. Qxg7+ Kxg7 38. Kd3 Kf6 39. Kd4 Ke6 40. Kc5 1-0

[Event "Titled Tuesday intern op 03rd Sep Early"]
[Site "Chess.com INT"]
[Date "2024.09.03"]
[Round "10"]
[White "Looi, Xin Hao"]
[Black "Goncharov, Vladimir"]
[Result "1/2-1/2"]
[WhiteElo "2043"]
[BlackElo "2077"]
[PlyCount "120"]
[EventDate "2024.09.03"]
[EventType "swiss (blitz)"]
[EventRounds "11"]
[EventCountry "USA"]
[SourceTitle "EXT 2025"]
[Source "ChessBase"]
[SourceDate "2024.10.14"]
[SourceVersion "1"]
[SourceVersionDate "2024.10.14"]
[SourceQuality "1"]

1. e4 e6 2. d4 d5 3. Nc3 a6 4. Nf3 Nf6 5. Bd3 c5 6. dxc5 dxe4 7. Nxe4 Nxe4 8. Bxe4 Qxd1+ 9. Kxd1 Bxc5 10. Ke2 Nd7 11. Rd1 h6 12. c3 Ke7 13. Be3 Bxe3 14. Kxe3 Nc5 15. Ne5 Nxe4 16. Kxe4 Re8 17. f4 f6 18. Nc4 b5 19. Na5 Bd7 20. Rd2 Rec8 21. Rad1 Be8 22. Ke3 Rab8 23. Rd6 b4 24. c4 Ra8 25. b3 Rc5 26. Nb7 Rc7 27. Na5 Raa7 28. Rb6 Rc5 29. Nb7 Rc7 30. Nd6 Bc6 31. Rb8 Bxg2 32. Nc8+ Kf7 33. Nxa7 Rxa7 34. Rxb4 g5 35. fxg5 hxg5 36. Rb6 f5 37. Rbd6 Kf6 38. Rd7 f4+ 39. Kf2 Rxd7 40. Rxd7 Be4 41. Ra7 Ke5 42. Rxa6 Bf5 43. Ra5+ Kd4 44. Ra7 e5 45. Rc7 e4 46. c5 e3+ 47. Ke1 f3 48. Rf7 f2+ 49. Kf1 Bh3+ 50. Ke2 Bg4+ 51. Kf1 Kd3 52. Rxf2 exf2 53. Kxf2 Kd4 54. Kg3 Bd7 55. b4 Kc4 56. h4 gxh4+ 57. Kxh4 Kxb4 58. c6 Bxc6 59. Kg5 Ka3 60. Kf4 Kxa2 1/2-1/2

[Event "Titled Tuesday intern op 27th Aug Early"]
[Site "Chess.com INT"]
[Date "2024.08.27"]
[Round "3"]
[White "Iskusnyh, Sergei"]
[Black "Looi, Xin Hao"]
[Result "1/2-1/2"]
[WhiteElo "2440"]
[BlackElo "2043"]
[PlyCount "71"]
[EventDate "2024.08.27"]
[EventType "swiss (blitz)"]
[EventRounds "11"]
[EventCountry "USA"]
[SourceTitle "EXT 2025"]
[Source "ChessBase"]
[SourceDate "2024.10.14"]
[SourceVersion "1"]
[SourceVersionDate "2024.10.14"]
[SourceQuality "1"]

1. d4 e6 2. c4 b6 3. Nc3 Bb7 4. e4 Bb4 5. Qc2 Bxc3+ 6. bxc3 Qh4 7. Bd3 f5 8. Be3 Nf6 9. g3 Qh5 10. f3 fxe4 11. fxe4 Ng4 12. Bf4 0-0 13. h4 e5 14. dxe5 Nxe5 15. Be2 Qg6 16. h5 Qe6 17. 0-0-0 d6 18. Nf3 Nxf3 19. Bxf3 Qxc4 20. h6 g6 21. Rhe1 Nd7 22. Rd4 Qc5 23. Qb3+ Kh8 24. Rc4 Qf2 25. Qd1 Ne5 26. Rxc7 Rac8 27. Bxe5+ dxe5 28. Rxh7+ Kxh7 29. Qd7+ Kxh6 30. Rh1+ Kg5 31. Qe7+ Rf6 32. Qxe5+ Rf5 33. Qe7+ Rf6 34. Qe5+ Rf5 35. Qe7+ Rf6 36. Qe5+ 1/2-1/2

[Event "Titled Tuesday intern op 27th Aug Early"]
[Site "Chess.com INT"]
[Date "2024.08.27"]
[Round "9"]
[White "Rietze, Clemens"]
[Black "Looi, Xin Hao"]
[Result "1-0"]
[WhiteElo "2372"]
[BlackElo "2043"]
[PlyCount "71"]
[EventDate "2024.08.27"]
[EventType "swiss (blitz)"]
[EventRounds "11"]
[EventCountry "USA"]
[SourceTitle "EXT 2025"]
[Source "ChessBase"]
[SourceDate "2024.10.14"]
[SourceVersion "1"]
[SourceVersionDate "2024.10.14"]
[SourceQuality "1"]

1. d4 d6 2. c4 g6 3. e4 Bg7 4. Nc3 a6 5. Be3 Nd7 6. Bd3 Ngf6 7. f3 0-0 8. Nge2 c5 9. Qd2 cxd4 10. Nxd4 Nc5 11. Be2 Ne6 12. 0-0 Qa5 13. Rab1 Nxd4 14. Bxd4 Be6 15. b4 Qc7 16. Rfc1 Rfc8 17. Nd5 Bxd5 18. exd5 Nd7 19. Bxg7 Kxg7 20. Qd4+ Kg8 21. a3 a5 22. Bf1 axb4 23. axb4 Ra2 24. Qe3 Nf6 25. Re1 Re8 26. Kh1 e5 27. dxe6 Rxe6 28. Qb3 Rd2 29. Qc3 Ra2 30. Rxe6 fxe6 31. Qxf6 Qf7 32. Qd8+ Qf8 33. Qb6 Qe7 34. Re1 Kf7 35. Qd4 Qh4 36. Qxh4 1-0

[Event "Titled Tuesday intern op 13th Aug Early"]
[Site "Chess.com INT"]
[Date "2024.08.13"]
[Round "1"]
[White "Aliyev, Ravan"]
[Black "Looi, Xin Hao"]
[Result "1-0"]
[WhiteElo "2338"]
[BlackElo "2043"]
[PlyCount "79"]
[EventDate "2024.08.13"]
[EventType "swiss (blitz)"]
[EventRounds "11"]
[EventCountry "USA"]
[SourceTitle "EXT 2025"]
[Source "ChessBase"]
[SourceDate "2024.10.14"]
[SourceVersion "1"]
[SourceVersionDate "2024.10.14"]
[SourceQuality "1"]

1. d4 g6 2. Nf3 Bg7 3. e4 d6 4. h3 a6 5. a4 Nd7 6. Bd3 b6 7. 0-0 Bb7 8. Re1 e5 9. c4 exd4 10. Bg5 Qc8 11. Nbd2 Ne5 12. Nxe5 dxe5 13. c5 h6 14. Bh4 g5 15. Bg3 Ne7 16. cxb6 cxb6 17. Rc1 Qd7 18. Nc4 Qe6 19. a5 b5 20. Nb6 Rd8 21. Rc7 Bc6 22. Bc2 Qd6 23. Ra7 Qb8 24. Rxe7+ Kxe7 25. Bb3 Qd6 26. Qh5 Qg6 27. Qf3 Rhe8 28. Rc1 Rd6 29. Bd5 Bxd5 30. exd5 Kf8 31. Rc7 Rf6 32. Qa3+ Kg8 33. Nc8 Qb1+ 34. Kh2 d3 35. Qc3 d2 36. Qxd2 Bf8 37. d6 Rd8 38. d7 Rd6 39. Nxd6 Rxd7 40. Rxd7 1-0

[Event "Titled Tuesday intern op 06th Aug Early"]
[Site "Chess.com INT"]
[Date "2024.08.06"]
[Round "2"]
[White "Looi, Xin Hao"]
[Black "Timerkhanov, Alexander"]
[Result "0-1"]
[WhiteElo "2043"]
[BlackElo "2291"]
[PlyCount "60"]
[EventDate "2024.08.06"]
[EventType "swiss (blitz)"]
[EventRounds "11"]
[EventCountry "USA"]
[SourceTitle "EXT 2025"]
[Source "ChessBase"]
[SourceDate "2024.10.14"]
[SourceVersion "1"]
[SourceVersionDate "2024.10.14"]
[SourceQuality "1"]

1. d4 d5 2. c4 dxc4 3. e3 Be6 4. Nf3 c6 5. Ng5 Bd5 6. e4 h6 7. exd5 hxg5 8. Bxc4 cxd5 9. Bb5+ Nc6 10. Bxg5 Qd6 11. Qc1 Nf6 12. Bf4 Qb4+ 13. Nc3 Rc8 14. a3 Qxd4 15. 0-0 e6 16. Be3 Qh4 17. h3 Bd6 18. Bg5 Qd4 19. Rd1 Qe5 20. f4 Bc5+ 21. Kh1 Qf5 22. Rd3 Ng4 23. Nd1 Bb6 24. Qd2 a6 25. Ba4 Nf6 26. Qb4 Qxd3 27. Qxb6 0-0 28. Nf2 Qd4 29. Qxb7 Qxf2 30. Bxc6 Ne4 0-1

[Event "Titled Tuesday intern op 06th Aug Early"]
[Site "Chess.com INT"]
[Date "2024.08.06"]
[Round "5"]
[White "Oviedo Acosta, Paula"]
[Black "Looi, Xin Hao"]
[Result "1-0"]
[WhiteElo "1834"]
[BlackElo "2043"]
[PlyCount "117"]
[EventDate "2024.08.06"]
[EventType "swiss (blitz)"]
[EventRounds "11"]
[EventCountry "USA"]
[SourceTitle "EXT 2025"]
[Source "ChessBase"]
[SourceDate "2024.10.14"]
[SourceVersion "1"]
[SourceVersionDate "2024.10.14"]
[SourceQuality "1"]

1. e4 c6 2. d4 d5 3. exd5 cxd5 4. Bd3 Nc6 5. c3 Nf6 6. h3 g6 7. Nf3 Bf5 8. 0-0 Bg7 9. Re1 Bxd3 10. Qxd3 0-0 11. Bf4 a6 12. Nbd2 b5 13. a4 b4 14. Ne5 Nxe5 15. dxe5 Nh5 16. Bg5 bxc3 17. bxc3 h6 18. Be3 Bxe5 19. Bxh6 Bg7 20. Bxg7 Nxg7 21. Nf3 e6 22. Ne5 Qd6 23. Qg3 Nf5 24. Qg5 Kg7 25. Ng4 Qe7 26. Qf4 f6 27. Rab1 e5 28. Qd2 Rad8 29. Rb6 Rd6 30. Reb1 Rfd8 31. Rb7 R8d7 32. Rb8 d4 33. cxd4 Rxd4 34. Qc3 e4 35. Qc8 Rd8 36. Qc6 R4d6 37. Qc4 Rd1+ 38. Kh2 Qd6+ 39. g3 Rxb8 40. Rxb8 Qxb8 41. Qxe4 Rd4 42. Qc6 Qd6 43. Qb7+ Qe7 44. Qxa6 Nh6 45. Ne3 Rd2 46. Kg1 Nf7 47. h4 Ne5 48. h5 Nf3+ 49. Kf1 Nh2+ 50. Kg1 Nf3+ 51. Kf1 Ra2 52. hxg6 Ra1+ 53. Kg2 Ne1+ 54. Kh2 Nf3+ 55. Kg2 Ne1+ 56. Kh2 Ra2 57. Nf5+ Kg8 58. Nxe7+ Kg7 59. Qa7 1-0

[Event "Titled Tuesday intern op 23rd Jul Early"]
[Site "Chess.com INT"]
[Date "2024.07.23"]
[Round "8"]
[White "Looi, Xin Hao"]
[Black "Papaioannou, Dimitrios1"]
[Result "0-1"]
[WhiteElo "2064"]
[BlackElo "2042"]
[PlyCount "102"]
[EventDate "2024.07.23"]
[EventType "swiss (blitz)"]
[EventRounds "11"]
[EventCountry "USA"]
[SourceTitle "EXT 2025"]
[Source "ChessBase"]
[SourceDate "2024.10.14"]
[SourceVersion "1"]
[SourceVersionDate "2024.10.14"]
[SourceQuality "1"]

1. e4 a6 2. d4 b6 3. Nc3 c6 4. f4 d6 5. Nf3 e6 6. Bd3 g6 7. 0-0 Bg7 8. f5 exf5 9. exf5 Ne7 10. Qe1 0-0 11. fxg6 fxg6 12. Bg5 Bf6 13. Qh4 Nf5 14. Bxf6 Qxf6 15. Qxf6 Rxf6 16. Rae1 Rf8 17. d5 c5 18. Ng5 Ra7 19. g4 Nd4 20. Rxf8+ Kxf8 21. Nce4 h6 22. Rf1+ Kg7 23. Nxd6 Bxg4 24. Ne8+ Kg8 25. Nf6+ Kg7 26. Nxg4 hxg5 27. c3 Nf5 28. Bxf5 gxf5 29. Rxf5 Kg6 30. Rf6+ Kg7 31. Rxb6 Nd7 32. Re6 Rb7 33. b3 c4 34. b4 Nb6 35. Ne3 Kf7 36. Nf5 Nxd5 37. Rc6 Rb6 38. Nd6+ Ke6 39. Rxb6 Nxb6 40. Ne4 Na4 41. Nxg5+ Kd5 42. h4 Nxc3 43. h5 Ke5 44. h6 Kf6 45. h7 Kg7 46. Kf2 Nxa2 47. Ke2 Nxb4 48. Kd2 Nd5 49. Kc2 a5 50. Ne4 Kxh7 51. Nd6 Nb6 0-1

[Event "Titled Tuesday intern op 23rd Jul Early"]
[Site "Chess.com INT"]
[Date "2024.07.23"]
[Round "6"]
[White "Napoli, Nicolo"]
[Black "Looi, Xin Hao"]
[Result "0-1"]
[WhiteElo "2228"]
[BlackElo "2064"]
[PlyCount "52"]
[EventDate "2024.07.23"]
[EventType "swiss (blitz)"]
[EventRounds "11"]
[EventCountry "USA"]
[SourceTitle "EXT 2025"]
[Source "ChessBase"]
[SourceDate "2024.10.14"]
[SourceVersion "1"]
[SourceVersionDate "2024.10.14"]
[SourceQuality "1"]

1. e4 c5 2. Nf3 Nc6 3. c3 Nf6 4. e5 Nd5 5. d4 cxd4 6. cxd4 e6 7. Nc3 d6 8. Bc4 Nb6 9. Bb5 Bd7 10. Qe2 a6 11. Bd3 Nb4 12. Bb1 N6d5 13. 0-0 Rc8 14. Rd1 Rxc3 15. bxc3 Nxc3 16. Qe1 Nxd1 17. Qxd1 Bc6 18. a3 Nd5 19. Bb2 Be7 20. Bd3 Nf4 21. Bf1 0-0 22. Qd2 Nh3+ 23. gxh3 Bxf3 24. Qf4 Bd5 25. Bd3 f5 26. Rc1 Bg5 0-1

[Event "Titled Tuesday intern op 16th Jul Early"]
[Site "Chess.com INT"]
[Date "2024.07.16"]
[Round "1"]
[White "Horobetz, Graham"]
[Black "Looi, Xin Hao"]
[Result "1-0"]
[WhiteElo "2266"]
[BlackElo "2064"]
[PlyCount "135"]
[EventDate "2024.07.16"]
[EventType "swiss (blitz)"]
[EventRounds "11"]
[EventCountry "USA"]
[SourceTitle "EXT 2025"]
[Source "ChessBase"]
[SourceDate "2024.10.14"]
[SourceVersion "1"]
[SourceVersionDate "2024.10.14"]
[SourceQuality "1"]

1. e4 e5 2. Nf3 Nc6 3. Bb5 a6 4. Ba4 Nf6 5. 0-0 b5 6. Bb3 d6 7. c3 Be7 8. a4 Bb7 9. d3 0-0 10. Re1 h6 11. Nbd2 Na5 12. Ba2 c5 13. Nf1 Nc6 14. Ng3 Re8 15. Nh4 Nxe4 16. Rxe4 Bxh4 17. Qh5 Bxg3 18. Qxf7+ Kh7 19. Qxb7 Bxf2+ 20. Kxf2 Rf8+ 21. Kg1 Na5 22. Qd5 Qf6 23. Be3 bxa4 24. Rxa4 Rab8 25. Rxa5 Rxb2 26. Qe4+ Kh8 27. h3 Qd8 28. Rxa6 Qb8 29. Bd5 Rb1+ 30. Rxb1 Qxb1+ 31. Kh2 Qf1 32. Ra8 Rxa8 33. Bxa8 Qf8 34. Bd5 Qf6 35. Qf3 Qe7 36. Qf7 Qd8 37. Qg6 Qf8 38. Bf7 d5 39. d4 exd4 40. cxd4 cxd4 41. Bxd4 Qb8+ 42. Qg3 Qf8 43. Bxd5 Qe7 44. Qxg7+ Qxg7 45. Bxg7+ Kxg7 46. Kg3 Kg6 47. Kh4 Kg7 48. Kh5 Kh7 49. Be4+ Kg7 50. Bf5 Kf6 51. Kxh6 Kxf5 52. g4+ Kf6 53. g5+ Kf7 54. Kh7 Ke6 55. g6 Kf5 56. g7 Kg5 57. g8Q+ Kf5 58. Qg4+ Ke5 59. Qf3 Kd4 60. Qe2 Kd5 61. h4 Kd4 62. Kg6 Kd5 63. h5 Kd4 64. h6 Kc5 65. h7 Kb4 66. h8Q Kb3 67. Qd4 Ka3 68. Qeb2# 1-0